000 00983nam a22002777a 4500
003 CHAP
005 20220329140647.0
008 971013s1878 r 00010 d
010 _a55559
011 _a56531
035 _a60684
040 _cCHAP
082 _a972.6
_bA1 1878
100 0 0 _aYucatán.
_9123312
245 _aExpediente de la visita oficial del estado hecha por el C. José María Iturralde, vic-gobernador constitucional del mismo, en cumplimiento del artículo 56 de la constitución Política de Yucatán
260 _aMérida :
_bTipografía del Gil Canto,
_c1878
300 _a80 p.
590 _aBATCH-UPD
_b10
_c20130110
_lUCH01
_h0649
590 _aBATCH-UPD
_b10
_c20130410
_lUCH01
_h0334
590 _aBATCH-UPD
_b10
_c20130914
_lUCH01
_h2111
590 _aCONVERSION
_b10
_c20130109
_lUCH01
_h1330
650 1 4 _aYucatán
_xPolítica y gobierno.
_9123327
901 _aBK
942 _cLIBRO
949 _a972.6 A1 1878
_bBC
_cBPP
_d-130649
_eBPP
_h25884
_i60684
_si
999 _c55559
_d55559